LEADER 01220nam a22003013i 4500 001 991000641179707536 005 20040205082556.0 008 040220s1986 it |||||||||||||||||ita 035 $ab12648449-39ule_inst 035 $aARCHE-064679$9ExL 040 $aDip.to Scienze pedagogiche$bita$cA.t.i. Arché s.c.r.l. Pandora Sicilia s.r.l. 082 04$a371.928 245 03$aIl corpo-gioco :$bpragmatica del rapporto educazione-riabilitazione /$c[a cura di] Loredano Matteo Lorenzetti ; contributi di G. Boccardi ... [et al.] ; presentazione di Marcello Cesa Bianchi 250 $a2. ed. 260 $aMilano :$bF. Angeli,$c1986 300 $a173 p. ;$c22 cm 440 0$aPsicologia ;$v37 500 $aParte delle relazioni presentate a un seminario 650 4$aFanciulli minorati$xEducazione 650 4$aGioco$xFunzione educativa 700 1 $aLorenzetti, Loredano Matteo 700 1 $aBoccardi, Giuliana 907 $a.b12648449$b02-04-14$c17-03-04 912 $a991000641179707536 945 $aLE022 MP 65 F 53$g1$i2022000030519$lle022$o-$pE0.00$q-$rl$s- $t0$u1$v0$w1$x0$y.i13153778$z17-03-04 996 $aCorpo-gioco$9275600 997 $aUNISALENTO 998 $ale022$b17-03-04$cm$da $e-$fita$git $h3$i1